Technologická disciplína pri zbere krmovín

Bibliographic Details
Main Author: Nozdrovický, Ladislav, 1946- (Author)
Format: Article
Language:Slovak
PhysicalDescription:Tb. 1.
Subjects:

MARC

LEADER 00000nab a2200000 a 4500
001 vtls000143386
003 SK-MaSNL
005 20260305035511.0
008 111031c1982 xo 0 slo
015 |a SNBRA19rr/mm-uuuuu 
035 |a CL0153493 
040 |a SNKBUCL  |b slo  |c SNKBUCL  |e AACR2 
041 0 |a slo 
044 |a xo  |c SK 
080 |a 633.2/.3  |2 1981 
080 |a 631.552  |2 1981 
100 1 |a Nozdrovický, Ladislav,  |d 1946-  |4 aut  |9 217516 
245 1 0 |a Technologická disciplína pri zbere krmovín  |c Ladislav Nozdrovický 
300 |b Tb. 1. 
650 0 7 |a krmoviny  |2 snkbucl  |9 14432 
655 7 |a články zo zborníkov  |2 snkbucl  |9 166140 
773 0 |t Mechanizácia zberu krmovín  |d Banská Bystrica : Dom techniky ČSVTS, 1982  |g S. 31-37 
850 |a Slovenská národná knižnica v Martine  |a MTA001 
852 |a SNK  |b KIS3GCP 
958 |a RK 
992 |a RZB 
999 |c 3334171  |d 3336101